| 000 | 00961nmm a2200337 a 4500 | ||
|---|---|---|---|
| 003 | AR-BaBNM | ||
| 005 | 20251128210945.0 | ||
| 008 | 102020s1980 ||||||||||||||000 | spa|| | ||
| 020 | _a92-3-301841-5 | ||
| 040 | _cAR-BaBNM | ||
| 100 | 1 | _aBrühl Day, Bárbara | |
| 245 | 1 | 0 |
_aLo dicho y lo hecho _bla juventud frente a un nuevo orden económico internacional |
| 260 |
_aParis _bUNESCO _c1980 |
||
| 300 | 0 |
_a100 p. _bil. |
|
| 650 | 4 | _aDESARROLLO ECONOMICO | |
| 650 | 4 | _aEDUCACION Y DESARROLLO | |
| 650 | 4 | _aDESARROLLO SOCIAL | |
| 650 | 4 | _aMOVILIDAD SOCIAL | |
| 650 | 4 | _aCAMBIO SOCIAL | |
| 650 | 4 | _aVALORES | |
| 650 | 4 | _aJUVENTUD | |
| 650 | 4 | _aDESARROLLO DE LA CREATIVIDAD | |
| 650 | 4 | _aPROBLEMAS DE LA JUVENTUD | |
| 650 | 4 | _aSISTEMAS ECONOMICOS INTERNACIONALES | |
| 650 | 4 | _aBIENESTAR SOCIAL | |
| 650 | 4 | _aOPORTUNIDADES DE EMPLEO | |
| 651 | 4 | _aAmérica Latina | |
| 700 | 1 |
_aApgar, Garry _eilustrador |
|
| 942 | _cBK | ||
| 998 | _cMariana | ||
| 999 |
_c17633 _d17633 |
||